[Event "44. Torneo Capablanca In Memoriam Open"]
[Site "La Habana CUB"]
[Date "2009.06.17"]
[Round "9.22"]
[White "Fernandez, Alexey"]
[Black "Guerra Mojena, Leandro"]
[Result "1-0"]
[WhiteElo "2399"]
[BlackElo "2252"]
[PlyCount "67"]
[EventDate "2009.06.08"]
[EventType "swiss"]
[EventRounds "9"]
[EventCountry "CUB"]
[Source "lmi"]
[SourceDate "2009.06.08"]

1. e4 c5 2. Nf3 e6 3. d4 cxd4 4. Nxd4 Nf6 5. Bd3 Nc6 6. Nxc6 bxc6 7. O-O d6 8.
c4 Be7 9. Nc3 Rb8 10. Kh1 e5 11. b3 O-O 12. Bc2 Qc7 13. Qd3 Bb7 14. f4 Nd7 15.
Ba3 Rbd8 16. Rad1 Nc5 17. Qg3 Bf6 18. f5 Kh8 19. Rf3 a5 20. Qg4 Rd7 21. Rh3 Re8
22. Qh5 h6 23. Bc1 Kg8 24. Bxh6 gxh6 25. Qxh6 Bg7 26. Qh7+ Kf8 27. f6 Bxf6 28.
Rf1 Re6 29. Nd5 cxd5 30. exd5 Re8 31. Rxf6 Ke7 32. Qxf7+ Kd8 33. Qxe8+ Kxe8 34.
Bg6+ 1-0

[Event "44. Torneo Capablanca In Memoriam Open"]
[Site "La Habana CUB"]
[Date "2009.06.17"]
[Round "9.24"]
[White "Mena Crespo, Carlos E"]
[Black "Vigoa Apecheche, Yanira"]
[Result "0-1"]
[WhiteElo "2353"]
[BlackElo "2244"]
[PlyCount "160"]
[EventDate "2009.06.08"]
[EventType "swiss"]
[EventRounds "9"]
[EventCountry "CUB"]
[Source "lmi"]
[SourceDate "2009.06.08"]

1. Nf3 Nf6 2. g3 g6 3. b3 Bg7 4. Bb2 O-O 5. Bg2 d6 6. d4 c5 7. O-O Nfd7 8. Nc3
Nc6 9. d5 Nce5 10. Nd2 Qa5 11. a4 a6 12. f4 Ng4 13. Nc4 Qc7 14. Qd3 Nb6 15. Rf3
Nxc4 16. bxc4 e5 17. dxe6 Bxe6 18. Rb1 Rae8 19. h3 Bd4+ 20. Kh1 Nh6 21. e4 f5
22. Rff1 Qg7 23. Ba1 Ng4 24. Rxb7 Qxb7 25. exf5 Qxg2+ 26. Kxg2 Bxf5 27. hxg4
Bxd3 28. cxd3 Bxc3 29. Bxc3 Re2+ 30. Rf2 Rfe8 31. Bd2 Rxf2+ 32. Kxf2 Rb8 33.
Ke3 Kf7 34. f5 Re8+ 35. Kf3 Rb8 36. Ke4 gxf5+ 37. gxf5 Re8+ 38. Kd5 Re5+ 39.
Kxd6 Rxf5 40. g4 Rf3 41. Kxc5 Rxd3 42. Bf4 Ke6 43. Bc1 Kd7 44. g5 Kc7 45. Bf4+
Kb7 46. Be5 Ra3 47. Kb4 Rf3 48. Bb2 Rf5 49. Bc1 a5+ 50. Kc3 Rf1 51. Bd2 Kc6 52.
Kd4 Rd1 53. Kc3 Rg1 54. Kd4 Rg4+ 55. Kd3 Kc5 56. Bxa5 Rg3+ 57. Ke4 Rxg5 58. Bd8
Rg8 59. Be7+ Kxc4 60. Kf5 Ra8 61. Kg4 Ra7 62. Bd8 Rxa4 63. Kh3 Ra2 64. Bc7 Kd5
65. Bb8 Ke4 66. Bc7 Kf3 67. Bb8 Rb2 68. Ba7 h6 69. Bd4 Rb4 70. Ba7 Ra4 71. Bb6
Ra2 72. Bd4 Ra6 73. Bg7 Rg6 74. Bf8 Rf6 75. Be7 Rf7 76. Bd8 Rd7 77. Bb6 Rd5 78.
Kh4 Rd1 79. Kh5 Rh1+ 80. Kg6 h5 0-1

[Event "44. Torneo Capablanca In Memoriam Open"]
[Site "La Habana CUB"]
[Date "2009.06.17"]
[Round "9.25"]
[White "Trujillo Villega, Pablo Adrian"]
[Black "Diaz Ordoñez, Ciro"]
[Result "0-1"]
[WhiteElo "2209"]
[BlackElo "2347"]
[PlyCount "62"]
[EventDate "2009.06.08"]
[EventType "swiss"]
[EventRounds "9"]
[EventCountry "CUB"]
[Source "lmi"]
[SourceDate "2009.06.08"]

1. e4 c5 2. Nf3 d6 3. d4 cxd4 4. Nxd4 Nf6 5. Nc3 a6 6. Bg5 e6 7. f4 Qb6 8. Qd2
Qxb2 9. Rb1 Qa3 10. e5 h6 11. exf6 hxg5 12. Bb5+ axb5 13. Ndxb5 Qa5 14. fxg7
Bxg7 15. Nxd6+ Ke7 16. Nde4 Rd8 17. Qe3 gxf4 18. Qf3 Bxc3+ 19. Nxc3 Qe5+ 20.
Ne2 Nc6 21. O-O Qe3+ 22. Rf2 Qxf3 23. gxf3 e5 24. Re1 Kf6 25. Nc3 Bf5 26. Rb1
Ra3 27. Rb3 Rxb3 28. cxb3 Bh3 29. Ne4+ Ke7 30. Nd2 Rg8+ 31. Kh1 Ra8 0-1

[Event "44. Torneo Capablanca In Memoriam Open"]
[Site "La Habana CUB"]
[Date "2009.06.17"]
[Round "9.27"]
[White "Aguero, Luis Lazaro"]
[Black "Marrero Lopez, Yaniet"]
[Result "1/2-1/2"]
[WhiteElo "2400"]
[BlackElo "2224"]
[PlyCount "83"]
[EventDate "2009.06.08"]
[EventType "swiss"]
[EventRounds "9"]
[EventCountry "CUB"]
[Source "lmi"]
[SourceDate "2009.06.08"]

1. e4 e5 2. Nf3 Nc6 3. Bb5 a6 4. Ba4 Nf6 5. O-O b5 6. Bb3 Be7 7. Re1 d6 8. c3
O-O 9. h3 Na5 10. Bc2 c5 11. d4 Nd7 12. Nbd2 cxd4 13. cxd4 Nc6 14. Nb3 a5 15.
Bd3 Ba6 16. d5 Nb4 17. Bb1 a4 18. Nbd4 exd4 19. a3 Nxd5 20. exd5 Bf6 21. Nxd4
Re8 22. Be3 Ne5 23. Nc6 Qc7 24. Qc2 g6 25. Ba2 Rac8 26. Rac1 Bb7 27. Qe2 Nxc6
28. dxc6 Bxc6 29. Bd5 Qd7 30. Qf3 Bxd5 31. Qxf6 Qe6 32. Bd4 Qxf6 33. Bxf6 Rxe1+
34. Rxe1 Bc4 35. Rd1 d5 36. g4 h6 37. h4 Rc6 38. g5 h5 39. Rd4 Kf8 40. Kg2 Ke8
41. Kg3 Kd7 42. Rf4 1/2-1/2

[Event "44. Torneo Capablanca In Memoriam Open"]
[Site "La Habana CUB"]
[Date "2009.06.17"]
[Round "9.28"]
[White "Arribas Robaina, Maritza"]
[Black "Miranda Llanes, Yerisbel"]
[Result "1-0"]
[WhiteElo "2336"]
[BlackElo "2196"]
[PlyCount "147"]
[EventDate "2009.06.08"]
[EventType "swiss"]
[EventRounds "9"]
[EventCountry "CUB"]
[Source "lmi"]
[SourceDate "2009.06.08"]

1. e4 e5 2. Nf3 Nc6 3. Bb5 a6 4. Bxc6 dxc6 5. d4 exd4 6. Qxd4 Qxd4 7. Nxd4 c5
8. Ne2 Bd7 9. Bf4 O-O-O 10. Nbc3 Bc6 11. f3 Ne7 12. Rd1 Rxd1+ 13. Nxd1 Ng6 14.
Be3 Be7 15. Nf4 Nxf4 16. Bxf4 Rd8 17. Ne3 b5 18. Ke2 c4 19. Rd1 Rxd1 20. Kxd1
Kd7 21. Kd2 Bb7 22. g4 c5 23. c3 Ke6 24. Nf5 Bf8 25. Ke3 g6 26. Ng3 Be7 27. Bb8
Bh4 28. Ne2 Be7 29. Kf4 Bc8 30. Ke3 Bb7 31. Kf4 Bc8 32. g5 Bb7 33. h4 Bd8 34.
Kg4 Be7 35. Ng3 Bf8 36. f4 h5+ 37. gxh6 Bxh6 38. f5+ Ke7 39. Bf4 Bg7 40. Be3
Kd6 41. Kg5 Be5 42. fxg6 fxg6 43. Bf4 Bxf4+ 44. Kxf4 Ke6 45. Kg5 Kf7 46. e5 Bd5
47. Ne2 b4 48. Nf4 Be4 49. a3 a5 50. Ne2 Ke6 51. Kf4 Bd3 52. Ng1 Kd5 53. Nf3
Bb1 54. Nh2 Bd3 55. Ng4 Ke6 56. Nf6 Bb1 57. Ne4 Kd5 58. Nd6 a4 59. Ne8 bxa3 60.
bxa3 Ke6 61. Nc7+ Kd7 62. Nd5 Ke6 63. Nb6 Bc2 64. Nxc4 Bd3 65. Nb2 Bc2 66. Nc4
Bd3 67. Nd2 c4 68. Nf3 Kd5 69. Nd4 Bb1 70. Nb5 Bd3 71. Nd6 Ke6 72. Nc8 Bc2 73.
Nb6 Bb3 74. Ke4 1-0

[Event "44. Torneo Capablanca In Memoriam Open"]
[Site "La Habana CUB"]
[Date "2009.06.17"]
[Round "9.29"]
[White "Obregon Rivero, Juan"]
[Black "Figueroa, Marco Alexander"]
[Result "1-0"]
[WhiteElo "2309"]
[BlackElo "2195"]
[PlyCount "61"]
[EventDate "2009.06.08"]
[EventType "swiss"]
[EventRounds "9"]
[EventCountry "CUB"]
[Source "lmi"]
[SourceDate "2009.06.08"]

1. e4 c5 2. Nf3 Nc6 3. d4 cxd4 4. Nxd4 e5 5. Nb5 d6 6. c4 Be7 7. N1c3 a6 8. Na3
Be6 9. Nc2 Bg5 10. Ne3 Nge7 11. Bd3 O-O 12. O-O Rc8 13. b3 Nd4 14. Ne2 Nec6 15.
Bb2 Nxe2+ 16. Qxe2 g6 17. Rad1 f5 18. exf5 gxf5 19. f4 Bxf4 20. Rxf4 exf4 21.
Ng4 Kf7 22. Nh6+ Ke7 23. Nxf5+ Rxf5 24. Bxf5 Qb6+ 25. Kf1 Qe3 26. Qh5 Bxf5 27.
Qxf5 Rf8 28. Qg5+ Kd7 29. Qg7+ Qe7 30. Rxd6+ Ke8 31. Rxc6 1-0

[Event "44. Torneo Capablanca In Memoriam Open"]
[Site "La Habana CUB"]
[Date "2009.06.17"]
[Round "9.31"]
[White "Perez Rodriguez, Jennifer"]
[Black "Ostos, Julio"]
[Result "0-1"]
[WhiteElo "2080"]
[BlackElo "2316"]
[PlyCount "84"]
[EventDate "2009.06.08"]
[EventType "swiss"]
[EventRounds "9"]
[EventCountry "CUB"]
[Source "lmi"]
[SourceDate "2009.06.08"]

1. e4 e6 2. d4 d5 3. Nd2 Nf6 4. e5 Nfd7 5. Bd3 c5 6. c3 Nc6 7. Ne2 cxd4 8. cxd4
f6 9. exf6 Qxf6 10. Nf3 h6 11. O-O Bd6 12. Ng3 O-O 13. Bc2 Rd8 14. Re1 Nf8 15.
Nh5 Qf7 16. Ne5 Nxe5 17. dxe5 Bc5 18. Nf4 Bd7 19. Qg4 Rac8 20. Bd3 a6 21. Be3
Bb5 22. Rad1 Bxd3 23. Rxd3 Bxe3 24. Rdxe3 Rc4 25. Rf3 Re4 26. Rd1 Rxe5 27. h4
Re4 28. Qg3 Qc7 29. h5 Qe5 30. Nd3 Qxh5 31. Qc7 Rd7 32. Qc2 Rh4 33. Kf1 Rf7 34.
Ne1 Rff4 35. Rdd3 Rh1+ 36. Ke2 Ng6 37. Kd2 Rc4 38. Rc3 Qg5+ 39. Rfe3 Ne5 40.
Ke2 Qg4+ 41. f3 Qg3 42. Kd1 Rd4+ 0-1

[Event "44. Torneo Capablanca In Memoriam Open"]
[Site "La Habana CUB"]
[Date "2009.06.17"]
[Round "9.33"]
[White "Figueredo, Leonel"]
[Black "Hernandez Moya, Yuleisis"]
[Result "1/2-1/2"]
[WhiteElo "2419"]
[BlackElo "2104"]
[PlyCount "115"]
[EventDate "2009.06.08"]
[EventType "swiss"]
[EventRounds "9"]
[EventCountry "CUB"]
[Source "lmi"]
[SourceDate "2009.06.08"]

1. c4 e5 2. Nc3 Nc6 3. e3 Bc5 4. Nf3 d6 5. d4 exd4 6. exd4 Bb4 7. h3 Nge7 8.
Bd3 Bf5 9. O-O Bxd3 10. Qxd3 Bxc3 11. Qxc3 d5 12. b3 O-O 13. Re1 Re8 14. Bf4
Qd7 15. Bh2 f6 16. b4 dxc4 17. b5 Nd8 18. Qxc4+ Nf7 19. Qxc7 Qxc7 20. Bxc7 Nd5
21. Bg3 Nc3 22. a4 Rxe1+ 23. Rxe1 Nxa4 24. Re7 Nc3 25. Rxb7 Ne2+ 26. Kh2 Nxg3
27. b6 Ne4 28. bxa7 Nd8 29. Rb8 Rxa7 30. Rxd8+ Kf7 31. Rb8 Nxf2 32. Kg3 Ne4+
33. Kf4 Nc3 34. h4 Re7 35. Rb2 Ne2+ 36. Kg4 Nxd4 37. Nxd4 Re4+ 38. Kf5 Rxd4 39.
Rb7+ Kf8 40. Rb8+ Ke7 41. Rb7+ Rd7 42. Rb5 g6+ 43. Kg4 Rd4+ 44. Kh3 Rd3+ 45.
Kh2 h5 46. Rb4 Ke6 47. Rb5 Rd5 48. Rb3 Rd4 49. Kh3 Ke5 50. Ra3 Kf5 51. Rf3+ Rf4
52. Ra3 g5 53. Ra5+ Kg6 54. hxg5 fxg5 55. Ra6+ Rf6 56. Ra5 h4 57. Rb5 Rf5 58.
Rxf5 1/2-1/2

[Event "44. Torneo Capablanca In Memoriam Open"]
[Site "La Habana CUB"]
[Date "2009.06.17"]
[Round "9.35"]
[White "Gutierrez, Leonela"]
[Black "Carvajal, Nolberto"]
[Result "0-1"]
[WhiteElo "1899"]
[BlackElo "2330"]
[PlyCount "70"]
[EventDate "2009.06.08"]
[EventType "swiss"]
[EventRounds "9"]
[EventCountry "CUB"]
[Source "lmi"]
[SourceDate "2009.06.08"]

1. e4 c5 2. Nf3 d6 3. d4 Nf6 4. Nc3 cxd4 5. Nxd4 g6 6. Be3 Bg7 7. f3 O-O 8. Bc4
Nc6 9. Qd2 Bd7 10. O-O-O Ne5 11. Bb3 Rc8 12. h4 Nc4 13. Bxc4 Rxc4 14. h5 Nxh5
15. g4 Nf6 16. Nd5 e6 17. Nxf6+ Qxf6 18. Qh2 Rfc8 19. Qxh7+ Kf8 20. Rd2 e5 21.
g5 Qd8 22. Nb3 Qc7 23. Qh2 a5 24. Qf2 Rc6 25. a3 b5 26. Rh7 Be6 27. Na1 b4 28.
Qh2 bxa3 29. b3 Rc3 30. Rxg7 Rxe3 31. Kb1 Qc3 32. Qh8+ Ke7 33. Rxf7+ Bxf7 34.
Qf6+ Ke8 35. Qh8+ Kd7 0-1

[Event "44. Torneo Capablanca In Memoriam Open"]
[Site "La Habana CUB"]
[Date "2009.06.17"]
[Round "9.38"]
[White "Hernandez, Zaida"]
[Black "Valdes, Alejandro"]
[Result "1-0"]
[WhiteElo "2043"]
[BlackElo "2233"]
[PlyCount "81"]
[EventDate "2009.06.08"]
[EventType "swiss"]
[EventRounds "9"]
[EventCountry "CUB"]
[Source "lmi"]
[SourceDate "2009.06.08"]

1. e4 c5 2. Nf3 Nc6 3. d4 cxd4 4. Nxd4 Nf6 5. Nc3 e5 6. Ndb5 d6 7. Bg5 a6 8.
Na3 b5 9. Nd5 Be7 10. Nxe7 Nxe7 11. Bxf6 gxf6 12. c4 Bb7 13. cxb5 Bxe4 14. bxa6
O-O 15. Be2 Kh8 16. O-O d5 17. b4 Rg8 18. f3 Bf5 19. Kh1 Ng6 20. Nc2 d4 21. Ne1
Nf4 22. g3 Nxe2 23. Qxe2 d3 24. Qd2 Qd4 25. Ng2 Rxa6 26. a4 Bd7 27. a5 Rb8 28.
Rab1 Rc6 29. Ne3 Rc3 30. Kg2 Rxb4 31. Rxb4 Qxb4 32. Nd5 Rc2 33. Qxc2 Qd4 34.
Qb3 Be6 35. Qb8+ Kg7 36. Ne7 e4 37. Qg8+ Kh6 38. Qf8+ Kh5 39. g4+ Kg5 40. Qg7+
Kf4 41. Qh6+ 1-0

[Event "44. Torneo Capablanca In Memoriam Open"]
[Site "La Habana CUB"]
[Date "2009.06.17"]
[Round "9.40"]
[White "Herrera Sosa, Jessica"]
[Black "Garcia, Sergio"]
[Result "1/2-1/2"]
[WhiteElo "1927"]
[BlackElo "2190"]
[PlyCount "118"]
[EventDate "2009.06.08"]
[EventType "swiss"]
[EventRounds "9"]
[EventCountry "CUB"]
[Source "lmi"]
[SourceDate "2009.06.08"]

1. e4 c5 2. Nf3 d6 3. d4 Nf6 4. Nc3 cxd4 5. Nxd4 a6 6. Be3 e5 7. Nb3 Be7 8. f3
Be6 9. Qd2 O-O 10. g4 d5 11. g5 d4 12. gxf6 Bxf6 13. O-O-O dxe3 14. Qe2 Qb6 15.
h4 Nc6 16. Kb1 a5 17. Na4 Qb4 18. Nbc5 b5 19. Nxe6 fxe6 20. Qxb5 Nd4 21. Qxb4
axb4 22. Nb6 Rab8 23. Rxd4 exd4 24. Nd7 Be7 25. Bc4 h5 26. Bxe6+ Kh7 27. Nxb8
Rxb8 28. f4 Rf8 29. f5 Bd6 30. Kc1 Kh6 31. Kd1 Rf6 32. Ke2 g5 33. hxg5+ Kxg5
34. Kd3 Be5 35. a4 bxa3 36. bxa3 h4 37. a4 Rf8 38. a5 Ra8 39. Ra1 Kf6 40. a6 h3
41. Bd5 Ra7 42. Bb7 h2 43. Rb1 Kg5 44. Ke2 Kg4 45. Rf1 Kg3 46. c4 dxc3 47. Kxe3
Kg2 48. Re1 h1=Q 49. Rxh1 Kxh1 50. f6 Kh2 51. f7 Bg7 52. e5 Kg3 53. e6 Bf8 54.
Kd3 Kf4 55. Kxc3 Ke5 56. Kc4 Kxe6 57. Kb5 Bh6 58. f8=Q Bxf8 59. Kb6 Rxa6+
1/2-1/2

[Event "44. Torneo Capablanca In Memoriam Open"]
[Site "La Habana CUB"]
[Date "2009.06.17"]
[Round "9.41"]
[White "Mencos, Claudia"]
[Black "Catala, Ivete"]
[Result "0-1"]
[WhiteElo "1899"]
[BlackElo "2173"]
[PlyCount "76"]
[EventDate "2009.06.08"]
[EventType "swiss"]
[EventRounds "9"]
[EventCountry "CUB"]
[Source "lmi"]
[SourceDate "2009.06.08"]

1. e4 c5 2. Nf3 e6 3. d4 cxd4 4. Nxd4 Nf6 5. Nc3 Nc6 6. Ndb5 d6 7. Bf4 e5 8.
Bg5 a6 9. Na3 b5 10. Nd5 Be7 11. Bxf6 Bxf6 12. c3 Bg5 13. Nc2 O-O 14. a4 bxa4
15. Rxa4 a5 16. Bc4 Rb8 17. b3 Be6 18. O-O Kh8 19. Kh1 g6 20. Qe2 f5 21. exf5
gxf5 22. f4 Bxd5 23. fxg5 Be4 24. h4 d5 25. Bb5 Ne7 26. Ne3 f4 27. Ng4 Nf5 28.
Rf3 Nxh4 29. Bd3 Qxg5 30. Bxe4 dxe4 31. Rf2 Nf5 32. Kg1 Ng3 33. Qd1 Rbd8 34.
Rd2 Rxd2 35. Qxd2 Rd8 36. Nxe5 Rxd2 37. Nf7+ Kg7 38. Nxg5 Rd1+ 0-1

[Event "44. Torneo Capablanca In Memoriam Open"]
[Site "La Habana CUB"]
[Date "2009.06.17"]
[Round "9.42"]
[White "Frometa Castillo, Zirka"]
[Black "Otazo Sanchez, Annyd"]
[Result "1/2-1/2"]
[WhiteElo "2184"]
[BlackElo "1953"]
[PlyCount "146"]
[EventDate "2009.06.08"]
[EventType "swiss"]
[EventRounds "9"]
[EventCountry "CUB"]
[Source "lmi"]
[SourceDate "2009.06.08"]

1. d4 d5 2. Bf4 Nf6 3. e3 e6 4. Bd3 c5 5. c3 c4 6. Bc2 Nc6 7. Nd2 b5 8. a3 Bb7
9. Ngf3 a5 10. O-O Bd6 11. Bxd6 Qxd6 12. e4 Qe7 13. exd5 Nxd5 14. Re1 O-O 15.
Ne4 b4 16. Qd2 bxc3 17. bxc3 Rab8 18. Nc5 Ba8 19. Re4 Nf6 20. Rh4 Na7 21. Qg5
g6 22. Ne5 Rfe8 23. Ba4 Nb5 24. Nxc4 h5 25. Ne5 Ng4 26. Qxe7 Rxe7 27. Bxb5 Rxb5
28. Nxg4 hxg4 29. Rxg4 Bd5 30. h4 Kh7 31. Re1 Rb2 32. Rg5 Rc7 33. h5 Kh6 34.
Ree5 Ra2 35. a4 Rc2 36. Rg3 gxh5 37. Rh3 Rc8 38. Rexh5+ Kg7 39. Rg3+ Kf6 40.
Rh6+ Ke7 41. Rh7 Rb8 42. Nd3 Rxc3 43. Rxf7+ Kxf7 44. Ne5+ Ke7 45. Rxc3 Rb4 46.
Rc7+ Ke8 47. Nd7 Kd8 48. Ra7 Rxd4 49. Nb6 Bc6 50. Rxa5 Rg4 51. Rc5 Bxg2 52. Kh2
Bb7 53. Kh3 Rb4 54. a5 Rb2 55. Kg3 Rb3+ 56. Kg4 Rb2 57. f4 Rg2+ 58. Kh4 Rg1 59.
Rg5 Rh1+ 60. Kg4 Ra1 61. Re5 Kc7 62. Kg5 Kd6 63. Kf6 Bd5 64. a6 Kc6 65. Nxd5
exd5 66. Re8 Kd7 67. Re7+ Kd6 68. f5 d4 69. Kf7 d3 70. Re3 d2 71. Rd3+ Ke5 72.
Rxd2 Rxa6 73. Rf2 Rf6+ 1/2-1/2

[Event "44. Torneo Capablanca In Memoriam Open"]
[Site "La Habana CUB"]
[Date "2009.06.18"]
[Round "10.1"]
[White "Ortiz Suarez, Isam"]
[Black "Gonzalez Vidal, Yuri"]
[Result "1/2-1/2"]
[WhiteElo "2493"]
[BlackElo "2501"]
[PlyCount "31"]
[EventDate "2009.06.08"]
[EventType "swiss"]
[EventRounds "9"]
[EventCountry "CUB"]
[Source "lmi"]
[SourceDate "2009.06.08"]

1. e4 c6 2. d4 d5 3. Nc3 dxe4 4. Nxe4 Bf5 5. Ng3 Bg6 6. h4 h6 7. Nf3 Nd7 8. h5
Bh7 9. Bd3 Bxd3 10. Qxd3 e6 11. Bd2 Ngf6 12. O-O-O Be7 13. Kb1 O-O 14. c4 Qc7
15. Bc3 b5 16. Ne5 1/2-1/2

[Event "44. Torneo Capablanca In Memoriam Open"]
[Site "La Habana CUB"]
[Date "2009.06.18"]
[Round "10.3"]
[White "Hevia Alejano, Carlos A"]
[Black "Borges Feria, Yasel"]
[Result "1/2-1/2"]
[WhiteElo "2332"]
[BlackElo "2400"]
[PlyCount "30"]
[EventDate "2009.06.08"]
[EventType "swiss"]
[EventRounds "9"]
[EventCountry "CUB"]
[Source "lmi"]
[SourceDate "2009.06.08"]

1. e4 c5 2. Nf3 d6 3. d4 cxd4 4. Nxd4 Nf6 5. Nc3 g6 6. Be3 Bg7 7. Be2 O-O 8.
O-O Nc6 9. Qd2 Ng4 10. Bxg4 Bxg4 11. h3 Bd7 12. Nxc6 bxc6 13. Bd4 Bxd4 14. Qxd4
Qb6 15. Qxb6 axb6 1/2-1/2

[Event "44. Torneo Capablanca In Memoriam Open"]
[Site "La Habana CUB"]
[Date "2009.06.18"]
[Round "10.5"]
[White "Gomez Frontal, Felix M"]
[Black "Leyva Rivera, Yunior"]
[Result "0-1"]
[WhiteElo "2359"]
[BlackElo "2392"]
[PlyCount "76"]
[EventDate "2009.06.08"]
[EventType "swiss"]
[EventRounds "9"]
[EventCountry "CUB"]
[Source "lmi"]
[SourceDate "2009.06.08"]

1. d4 d5 2. Nf3 Nf6 3. c4 c6 4. e3 e6 5. Bd3 Nbd7 6. O-O dxc4 7. Bxc4 Bd6 8.
Nc3 O-O 9. e4 e5 10. Be3 b5 11. Bb3 b4 12. Na4 Ba6 13. Re1 Nxe4 14. Qc2 exd4
15. Bxd4 Ng5 16. Nxg5 Qxg5 17. Qxc6 Qf4 18. g3 Qxd4 19. Rad1 Ne5 20. Qxa6 Nf3+
21. Kh1 Qg4 22. Qe2 Rae8 23. Qf1 Rxe1 24. Rxe1 Nxe1 25. Qxe1 Qd7 26. Kg1 g6 27.
Qd2 Re8 28. Bd1 Qc6 29. Bb3 a5 30. h4 h5 31. Kh2 Kg7 32. Qd4+ Be5 33. Qd2 Re7
34. Kg1 Bf6 35. Kh2 Rd7 36. Qe2 Bd4 37. Kg1 Qc1+ 38. Kh2 Bxf2 0-1

[Event "44. Torneo Capablanca In Memoriam Open"]
[Site "La Habana CUB"]
[Date "2009.06.18"]
[Round "10.6"]
[White "Guerra Mendez, Jose Angel"]
[Black "Jimenez, Pedro A"]
[Result "0-1"]
[WhiteElo "2420"]
[BlackElo "2383"]
[PlyCount "58"]
[EventDate "2009.06.08"]
[EventType "swiss"]
[EventRounds "9"]
[EventCountry "CUB"]
[Source "lmi"]
[SourceDate "2009.06.08"]

1. e4 c5 2. Nf3 d6 3. d4 cxd4 4. Nxd4 Nf6 5. Nc3 a6 6. Bc4 e6 7. O-O b5 8. Bb3
b4 9. Na4 Bd7 10. f3 Nc6 11. Be3 Rb8 12. Rf2 Be7 13. c4 O-O 14. Rc1 Ne5 15. g4
h6 16. Rg2 Qa5 17. g5 hxg5 18. Bxg5 Rfc8 19. f4 Bxa4 20. Bxa4 Nxc4 21. f5 Nxe4
22. Bh6 Bf6 23. Bxg7 Bxg7 24. Qg4 Qe5 25. Nc6 Rxc6 26. Bxc6 Qd4+ 27. Kh1 Nf2+
28. Rxf2 Qxg4 29. f6 Bh6 0-1

[Event "44. Torneo Capablanca In Memoriam Open"]
[Site "La Habana CUB"]
[Date "2009.06.18"]
[Round "10.11"]
[White "Morales Romero, Pedro"]
[Black "Macias Murillo, Bryan"]
[Result "1-0"]
[WhiteElo "2410"]
[BlackElo "2299"]
[PlyCount "67"]
[EventDate "2009.06.08"]
[EventType "swiss"]
[EventRounds "9"]
[EventCountry "CUB"]
[Source "lmi"]
[SourceDate "2009.06.08"]

1. e4 c5 2. Nf3 e6 3. Nc3 a6 4. g3 b6 5. Bg2 Bb7 6. O-O d6 7. d4 cxd4 8. Nxd4
Nd7 9. a4 Ngf6 10. h3 Qc7 11. Qe2 Be7 12. g4 O-O 13. g5 Ne8 14. f4 Rc8 15. Qh5
Qc4 16. Be3 Bd8 17. f5 exf5 18. exf5 Bxg2 19. Kxg2 Ne5 20. Rf4 g6 21. Qh6 f6
22. Re4 gxf5 23. g6 Nxg6 24. Nxf5 Qf7 25. Rd1 Qb7 26. Nd5 Rxc2+ 27. Kh1 Qf7 28.
Nf4 Qb7 29. Nd5 Qf7 30. Rg1 Rc7 31. Nf4 Ng7 32. Nxg6 Nxf5 33. Nxf8+ Kh8 34.
Ng6+ 1-0

[Event "44. Torneo Capablanca In Memoriam Open"]
[Site "La Habana CUB"]
[Date "2009.06.18"]
[Round "10.12"]
[White "Quesada Perez, Yasser"]
[Black "Guerrero, Juan Carlos"]
[Result "0-1"]
[WhiteElo "2402"]
[BlackElo "2202"]
[PlyCount "96"]
[EventDate "2009.06.08"]
[EventType "swiss"]
[EventRounds "9"]
[EventCountry "CUB"]
[Source "lmi"]
[SourceDate "2009.06.08"]

1. e4 c5 2. Nf3 d6 3. d4 cxd4 4. Nxd4 Nf6 5. Nc3 g6 6. Be3 Bg7 7. f3 O-O 8. Qd2
Nc6 9. Bc4 Bd7 10. h4 Rc8 11. Bb3 h5 12. O-O-O Ne5 13. Bg5 Rc5 14. Kb1 Re8 15.
Bh6 Nc4 16. Bxc4 Rxc4 17. Bxg7 Kxg7 18. Nd5 e6 19. Nxf6 Qxf6 20. Nb3 Rc6 21.
Qe3 Rec8 22. e5 Qf5 23. Nd4 Qxe5 24. Qxe5+ dxe5 25. Nxc6 Bxc6 26. Rhe1 Kf6 27.
Rd2 Kf5 28. b3 Kf4 29. Rde2 Kg3 30. c4 Rd8 31. Rh1 Rd4 32. Rh3+ Kf4 33. Kc2 f5
34. Rh1 e4 35. fxe4 Rxe4 36. Rd2 Kg3 37. Rh3+ Kg4 38. Rh1 Re3 39. b4 a6 40. Kb2
f4 41. c5 e5 42. Kc2 Rg3 43. Rh2 e4 44. Kd1 Ba4+ 45. Ke1 Re3+ 46. Kf2 Rc3 47.
Rb2 e3+ 48. Ke2 Rc1 0-1

[Event "44. Torneo Capablanca In Memoriam Open"]
[Site "La Habana CUB"]
[Date "2009.06.18"]
[Round "10.13"]
[White "Larduet Despaigne, Carlos A"]
[Black "Abreu Delgado, Aryam"]
[Result "0-1"]
[WhiteElo "2326"]
[BlackElo "2487"]
[PlyCount "128"]
[EventDate "2009.06.08"]
[EventType "swiss"]
[EventRounds "9"]
[EventCountry "CUB"]
[Source "lmi"]
[SourceDate "2009.06.08"]

1. Nf3 c5 2. c4 Nc6 3. b3 e5 4. d3 g6 5. Bb2 Bg7 6. e3 Nge7 7. Nc3 O-O 8. Be2
d5 9. cxd5 Nxd5 10. Rc1 b6 11. O-O Bb7 12. Qc2 Re8 13. Rfd1 Rc8 14. Nxd5 Qxd5
15. Qb1 Rcd8 16. Bf1 Bc8 17. Bc3 Bg4 18. Be2 Nd4 19. Nxd4 exd4 20. Bxg4 dxc3
21. Bf3 Qd6 22. a4 a6 23. Qc2 h5 24. Be2 h4 25. h3 Qb8 26. b4 cxb4 27. d4 a5
28. Bc4 Qd6 29. Bb3 Re7 30. Qe2 Bf6 31. Qb5 Kg7 32. Rd3 Rh8 33. Rdd1 Rh5 34.
Qd3 Bg5 35. Rc2 f5 36. Re2 Rh8 37. e4 fxe4 38. Rxe4 Rhe8 39. Rde1 Rxe4 40. Rxe4
Rxe4 41. Qxe4 Bf6 42. d5 Qe5 43. Qxe5 Bxe5 44. Kf1 Kf7 45. Ke2 Bd4 46. f4 Ke7
47. Kd3 Bf2 48. Kc4 Kd6 49. Bc2 Bg3 50. Bxg6 Bxf4 51. Bc2 Bg3 52. Bb3 Bf2 53.
Bc2 Ke5 54. Kd3 Kxd5 55. Bb3+ Kc5 56. Bc2 Bg3 57. Bb3 Be5 58. Ke4 Bf6 59. Kd3
b5 60. Bd1 b3 61. Bxb3 Kb4 62. Bd1 bxa4 63. Kc2 a3 64. Kb1 Kc4 0-1

[Event "44. Torneo Capablanca In Memoriam Open"]
[Site "La Habana CUB"]
[Date "2009.06.18"]
[Round "10.15"]
[White "Pecorelli Garcia, Humberto"]
[Black "Cruz de la Osa, Reider"]
[Result "1/2-1/2"]
[WhiteElo "2399"]
[BlackElo "2228"]
[PlyCount "55"]
[EventDate "2009.06.08"]
[EventType "swiss"]
[EventRounds "9"]
[EventCountry "CUB"]
[Source "lmi"]
[SourceDate "2009.06.08"]

1. d4 Nf6 2. c4 g6 3. Nc3 Bg7 4. e4 d6 5. Bd3 O-O 6. Nge2 Nc6 7. O-O Nd7 8. Bc2
e5 9. d5 Ne7 10. Rb1 f5 11. exf5 Nxf5 12. Ne4 h6 13. f3 Nf6 14. N2c3 Nd4 15.
Bd3 Nh5 16. Nb5 Nf4 17. Nxd4 exd4 18. Bxf4 Rxf4 19. Qd2 Rf8 20. Ng3 Qf6 21. Qc2
Bf5 22. Bxf5 gxf5 23. Nh5 Qg5 24. Nxg7 Kxg7 25. Rfe1 Rfe8 26. Qa4 Re3 27. Qd7+
Kg8 28. h4 1/2-1/2

[Event "44. Torneo Capablanca In Memoriam Open"]
[Site "La Habana CUB"]
[Date "2009.06.18"]
[Round "10.17"]
[White "Diaz Ordoñez, Ciro"]
[Black "Quiñones Centeno, Carlos"]
[Result "1-0"]
[WhiteElo "2347"]
[BlackElo "2166"]
[PlyCount "77"]
[EventDate "2009.06.08"]
[EventType "swiss"]
[EventRounds "9"]
[EventCountry "CUB"]
[Source "lmi"]
[SourceDate "2009.06.08"]

1. e4 e5 2. Nf3 Nf6 3. Nxe5 d6 4. Nf3 Nxe4 5. Nc3 Nf6 6. d4 Be7 7. Bf4 Bg4 8.
Qd2 Nbd7 9. Bd3 a6 10. O-O-O O-O 11. h3 Bh5 12. g4 Bg6 13. Bf5 b5 14. h4 b4 15.
Ne2 Nd5 16. h5 Bxf5 17. gxf5 Nxf4 18. Nxf4 h6 19. Rdg1 Rb8 20. Nd5 Kh7 21. Nxb4
Rb6 22. Nd5 Rb5 23. Nc3 Rxf5 24. Qd3 g6 25. Ne4 Qa8 26. Rh3 Qd5 27. c4 Qa5 28.
Rgh1 Rxf3 29. hxg6+ Kg7 30. Qxf3 fxg6 31. Qg4 Rf5 32. Rxh6 Nf8 33. Kb1 Qa4 34.
Rxg6+ Nxg6 35. Qxf5 Qxc4 36. Rg1 Qf7 37. Qxf7+ Kxf7 38. Rc1 d5 39. Nc5 1-0